[Event "RA Fall op"]
[Site "Ottawa CAN"]
[Date "2013.09.14"]
[Round "2"]
[White "Doubleday, William"]
[Black "Gordon, David"]
[Result "0-1"]
[WhiteElo "2057"]
[BlackElo "2237"]
[PlyCount "80"]
[GameId "2160767909229460"]
[EventDate "2013.09.13"]
[EventType "swiss"]
[EventRounds "5"]
[EventCountry "CAN"]
[SourceTitle "EXT 2022"]
[Source "ChessBase"]
[SourceDate "2021.10.06"]
[SourceVersion "1"]
[SourceVersionDate "2021.10.06"]
[SourceQuality "1"]

1. d4 d5 2. c4 e6 3. Nc3 c5 4. cxd5 exd5 5. Nf3 Nc6 6. dxc5 d4 7. Na4 Bg4 8. a3 a5 9. e3 Nf6 10. Be2 dxe3 11. Bxe3 Be7 12. Nb6 Qxd1+ 13. Rxd1 Rd8 14. O-O O-O 15. h3 Be6 16. Nd4 Nxd4 17. Bxd4 Rxd4 18. Rxd4 Bxc5 19. Rd2 Bxb6 20. Bf3 Rb8 21. Rc1 Kf8 22. Rd6 Nd7 23. Rcd1 Ke7 24. Bg4 Bxg4 25. hxg4 Rd8 26. Kf1 Nf8 27. Rxd8 Bxd8 28. Rd5 Ne6 29. g3 h6 30. Ke2 Bb6 31. Kf1 Nc7 32. Rd3 Bc5 33. Rc3 b6 34. Rd3 Ne6 35. Kg2 Bd4 36. b3 Kd6 37. f4 Kd5 38. a4 Nc5 39. Rf3 Ke4 40. f5 Be3 0-1

[Event "RA Fall op"]
[Site "Ottawa CAN"]
[Date "2013.09.14"]
[Round "2"]
[White "Gelblum, Robert"]
[Black "Wan, Kevin"]
[Result "1/2-1/2"]
[WhiteElo "2245"]
[BlackElo "2027"]
[PlyCount "112"]
[GameId "2160767909229461"]
[EventDate "2013.09.13"]
[EventType "swiss"]
[EventRounds "5"]
[EventCountry "CAN"]
[SourceTitle "EXT 2022"]
[Source "ChessBase"]
[SourceDate "2021.10.06"]
[SourceVersion "1"]
[SourceVersionDate "2021.10.06"]
[SourceQuality "1"]

1. Nf3 d5 2. g3 Nf6 3. Bg2 g6 4. O-O Bg7 5. d4 O-O 6. c4 c6 7. b3 dxc4 8. bxc4 Nbd7 9. Nbd2 e5 10. e3 exd4 11. exd4 Nb6 12. Bb2 Bf5 13. Qb3 Qc7 14. a4 Ne4 15. a5 Nd7 16. Rfd1 Nxd2 17. Nxd2 Rad8 18. a6 b6 19. Ne4 Bxe4 20. Bxe4 c5 21. Bd5 cxd4 22. Bxd4 Bxd4 23. Rxd4 Nc5 24. Qf3 Kg7 25. h4 Qe5 26. Rdd1 Qf6 27. Kg2 Qxf3+ 28. Kxf3 Rd6 29. Re1 Rfd8 30. Ra3 R6d7 31. Kg2 Kf8 32. Ree3 Re7 33. Rf3 Kg7 34. g4 f6 35. Rf4 Rd6 36. Kf1 Re5 37. Rff3 Rd8 38. Kg2 Rde8 39. Rf4 Rd8 40. Kg3 h6 41. Rff3 Ne4+ 42. Kg2 Nc5 43. Ra2 g5 44. hxg5 hxg5 45. Raa3 Ne6 46. Bxe6 Rxe6 47. Rfd3 Rxd3 48. Rxd3 Re7 49. Rd8 Rc7 50. Rb8 Rxc4 51. Rb7+ Kg6 52. Kg3 Rc3+ 53. f3 Ra3 54. Rxa7 b5 55. Rb7 Rxa6 56. Rxb5 Rc6 1/2-1/2

[Event "RA Fall op"]
[Site "Ottawa CAN"]
[Date "2013.09.14"]
[Round "2"]
[White "Qin, Zi Yi (Joey)"]
[Black "Pacey, Kevin"]
[Result "1/2-1/2"]
[WhiteElo "2145"]
[BlackElo "2233"]
[PlyCount "128"]
[GameId "2160767909229462"]
[EventDate "2013.09.13"]
[EventType "swiss"]
[EventRounds "5"]
[EventCountry "CAN"]

1. e4 e6 2. d4 d5 3. Nd2 c5 4. exd5 exd5 5. Bb5+ Nc6 6. Ngf3 Bd6 7. O-O cxd4 8. Nb3 Nge7 9. Nbxd4 O-O 10. h3 a6 11. Bd3 h6 12. c3 Bc7 13. Bc2 Qd6 14. Re1 Nxd4 15. Qxd4 Bf5 16. Bxf5 Nxf5 17. Qd3 Ne7 18. Be3 Ng6 19. Rad1 Rad8 20. Qf5 Rfe8 21. Rd2 Re4 22. Red1 Ne7 23. Qh5 Re8 24. g4 Rxe3 25. fxe3 Qg3+ 26. Rg2 Qxf3 27. Rf1 Qxe3+ 28. Kh1 g6 29. Qh4 Nc6 30. a4 d4 31. cxd4 Nxd4 32. Qf6 Qxh3+ 33. Kg1 Qe3+ 34. Kh1 Re7 35. b4 Ne2 36. Rf3 Qg5 37. Rgf2 Qxf6 38. Rxf6 Ng3+ 39. Kg2 Kg7 40. R6f3 Ne2 41. Kf1 Nd4 42. Rd3 Re4 43. Rg2 Ne6 44. Rd7 Rxb4 45. Rf2 Bf4 46. a5 Ng5 47. Kg2 Be3 48. Re2 Rxg4+ 49. Kh2 Bf4+ 50. Kh1 Nf3 51. Rxf7+ Kxf7 52. Re7+ Kf6 53. Re6+ Kg5 54. Rxg6+ Kf5 55. Rg5+ Ke4 56. Re5+ Kd3 57. Re3+ Kc2 58. Rc3+ Kd1 59. Rc1+ Ke2 60. Re1+ Kf2 61. Re2+ Kg3 62. Rg2+ Kh4 63. Rh2+ Kg5 64. Rh5+ Kxh5 1/2-1/2

[Event "RA Fall op"]
[Site "Ottawa CAN"]
[Date "2013.09.14"]
[Round "2"]
[White "Sambuev, Bator"]
[Black "Kalra, Agastya"]
[Result "1-0"]
[WhiteElo "2651"]
[BlackElo "2123"]
[PlyCount "85"]
[GameId "2160767909229463"]
[EventDate "2013.09.13"]
[EventType "swiss"]
[EventRounds "5"]
[EventCountry "CAN"]
[SourceTitle "EXT 2022"]
[Source "ChessBase"]
[SourceDate "2021.10.06"]
[SourceVersion "1"]
[SourceVersionDate "2021.10.06"]
[SourceQuality "1"]

1. d4 Nf6 2. c4 c5 3. d5 b5 4. cxb5 a6 5. bxa6 g6 6. Nc3 Bxa6 7. e4 Bxf1 8. Kxf1 d6 9. Nf3 Bg7 10. g3 Nbd7 11. Kg2 O-O 12. Re1 Ng4 13. Re2 Qa5 14. Rc2 Rfb8 15. Qe2 Nb6 16. Bg5 Rb7 17. Re1 Qa6 18. Bf4 Nc4 19. h3 Nge5 20. Nxe5 Nxe5 21. Bxe5 Bxe5 22. Qxa6 Rxa6 23. Ree2 Bxc3 24. bxc3 Ra4 25. Kf3 Ra3 26. e5 Rba7 27. exd6 exd6 28. Re8+ Kg7 29. Rd8 Rxa2 30. Rxa2 Rxa2 31. Rxd6 Rc2 32. Rc6 Rxc3+ 33. Ke4 Kf8 34. Ke5 Ke7 35. Rc7+ Kf8 36. Rc8+ Ke7 37. d6+ Kd7 38. Rc7+ Ke8 39. Kd5 Ra3 40. Re7+ Kf8 41. Re3 Rxe3 42. fxe3 Ke8 43. e4 1-0

[Event "RA Fall op"]
[Site "Ottawa CAN"]
[Date "2013.09.14"]
[Round "3"]
[White "Gordon, David"]
[Black "Qin, Zi Yi (Joey)"]
[Result "0-1"]
[WhiteElo "2278"]
[BlackElo "2145"]
[PlyCount "112"]
[GameId "2160767909229464"]
[EventDate "2013.09.13"]
[EventType "swiss"]
[EventRounds "5"]
[EventCountry "CAN"]

1. c4 Nf6 2. g3 g6 3. Bg2 Bg7 4. Nc3 d6 5. e4 c5 6. Nge2 Nc6 7. d3 O-O 8. O-O Ne8 9. Be3 Nd4 10. Rb1 a5 11. a3 a4 12. Bxd4 cxd4 13. Nb5 e5 14. b3 axb3 15. Qxb3 Bf6 16. Nc1 Be7 17. Na2 Nf6 18. Nb4 Nd7 19. Nd5 Nc5 20. Qc2 Bd7 21. Ndc7 Rc8 22. Nd5 Be6 23. Qe2 Bxd5 24. cxd5 Qd7 25. Rb4 Ra8 26. Rfb1 Bd8 27. Qd1 Ra6 28. Bf1 Kg7 29. Be2 f5 30. f3 Bg5 31. exf5 Be3+ 32. Kg2 gxf5 33. a4 Qf7 34. Na3 Qxd5 35. Nc4 Bg5 36. Rb6 Rxb6 37. Rxb6 Be7 38. a5 Rf6 39. Qc1 Rg6 40. Kf2 h5 41. Qb1 h4 42. Qb5 hxg3+ 43. hxg3 e4 44. Rxb7 Re6 45. a6 exd3 46. Bd1 f4 47. a7 fxg3+ 48. Kg2 Qh5 49. Rxe7+ Rxe7 50. Kxg3 Rxa7 51. Qb6 Rd7 52. Ba4 Qg5+ 53. Kh3 Rf7 54. Qxd6 Rxf3+ 55. Kh2 Qh4+ 56. Kg2 Qh3+ 0-1

[Event "RA Fall op"]
[Site "Ottawa CAN"]
[Date "2013.09.14"]
[Round "3"]
[White "Pacey, Kevin"]
[Black "Sambuev, Bator"]
[Result "0-1"]
[WhiteElo "2233"]
[BlackElo "2651"]
[PlyCount "52"]
[GameId "2160767909229465"]
[EventDate "2013.09.13"]
[EventType "swiss"]
[EventRounds "5"]
[EventCountry "CAN"]
[SourceTitle "EXT 2022"]
[Source "ChessBase"]
[SourceDate "2021.10.06"]
[SourceVersion "1"]
[SourceVersionDate "2021.10.06"]
[SourceQuality "1"]

1. d4 Nf6 2. c4 e6 3. Nf3 Bb4+ 4. Bd2 a5 5. Nc3 d5 6. e3 O-O 7. Be2 Ne4 8. Qc2 Nxd2 9. Nxd2 c5 10. dxc5 Nc6 11. Rd1 d4 12. Nf3 e5 13. O-O Bxc5 14. Nb5 Qf6 15. exd4 exd4 16. Nc7 Bf5 17. Qd2 Bb4 18. Nd5 Qe6 19. Nxb4 axb4 20. Rfe1 Qf6 21. b3 Rfd8 22. Qb2 d3 23. Qxf6 gxf6 24. Bf1 Rxa2 25. Nd2 Nd4 26. Re7 Kf8 0-1

[Event "RA Fall op"]
[Site "Ottawa CAN"]
[Date "2013.09.14"]
[Round "3"]
[White "Zhou, Qiyu"]
[Black "Gelblum, Robert"]
[Result "1-0"]
[WhiteElo "2102"]
[BlackElo "2245"]
[PlyCount "67"]
[GameId "2160767909229466"]
[EventDate "2013.09.13"]
[EventType "swiss"]
[EventRounds "5"]
[EventCountry "CAN"]
[SourceTitle "EXT 2022"]
[Source "ChessBase"]
[SourceDate "2021.10.06"]
[SourceVersion "1"]
[SourceVersionDate "2021.10.06"]
[SourceQuality "1"]

1. e4 e5 2. Nf3 Nf6 3. Nxe5 d6 4. Nf3 Nxe4 5. d4 d5 6. Bd3 Bd6 7. O-O O-O 8. c4 c6 9. Re1 Re8 10. Qc2 f5 11. Nc3 Na6 12. a3 Nc7 13. c5 Be7 14. Bf4 Ne6 15. Be5 Bf6 16. Ne2 Bxe5 17. Nxe5 N6xc5 18. Nxc6 bxc6 19. dxc5 Qh4 20. Nd4 Bd7 21. Re2 Qf6 22. Rd1 g6 23. Ba6 Rab8 24. b4 Ng5 25. Red2 f4 26. f3 Re3 27. b5 Rbe8 28. bxc6 Bxc6 29. Nxc6 Qxc6 30. Bf1 Rxa3 31. Rxd5 Qe6 32. Rxg5 Qe3+ 33. Qf2 Ra2 34. Bc4+ 1-0

[Event "RA Fall op"]
[Site "Ottawa CAN"]
[Date "2013.09.15"]
[Round "4"]
[White "Gelblum, Robert"]
[Black "Pacey, Kevin"]
[Result "1-0"]
[WhiteElo "2245"]
[BlackElo "2233"]
[PlyCount "53"]
[GameId "2160767909229467"]
[EventDate "2013.09.13"]
[EventType "swiss"]
[EventRounds "5"]
[EventCountry "CAN"]
[SourceTitle "EXT 2022"]
[Source "ChessBase"]
[SourceDate "2021.10.06"]
[SourceVersion "1"]
[SourceVersionDate "2021.10.06"]
[SourceQuality "1"]

1. e4 c5 2. Nf3 d6 3. Bb5+ Nc6 4. O-O Bd7 5. c3 Nf6 6. Qe2 e6 7. d4 cxd4 8. cxd4 d5 9. exd5 Nxd5 10. Nc3 Nxc3 11. bxc3 Be7 12. Bf4 O-O 13. Bd3 Bf6 14. Rab1 b6 15. Qe4 g6 16. h4 Ne7 17. Ne5 Rc8 18. Bd2 Bc6 19. Nxc6 Rxc6 20. h5 Qd5 21. Qf4 e5 22. Qg4 exd4 23. hxg6 hxg6 24. Be4 Qe6 25. Qf3 dxc3 26. Bxc6 Nxc6 27. Bxc3 1-0

[Event "RA Fall op"]
[Site "Ottawa CAN"]
[Date "2013.09.15"]
[Round "4"]
[White "Qin, Zi Yi (Joey)"]
[Black "Sambuev, Bator"]
[Result "0-1"]
[WhiteElo "2145"]
[BlackElo "2651"]
[PlyCount "126"]
[GameId "2160767909229468"]
[EventDate "2013.09.13"]
[EventType "swiss"]
[EventRounds "5"]
[EventCountry "CAN"]

1. e4 d6 2. d4 Nf6 3. Nc3 e5 4. dxe5 dxe5 5. Qxd8+ Kxd8 6. Bc4 Ke8 7. Nf3 Bd6 8. Be3 a6 9. a4 Nbd7 10. a5 h6 11. O-O Nf8 12. h3 Be6 13. Nd2 N6d7 14. Bxe6 Nxe6 15. Nc4 Bc5 16. Bxc5 Nexc5 17. Rfd1 Ne6 18. Rd2 f6 19. Rad1 Nb8 20. Nd5 Nc6 21. c3 Rd8 22. f3 Kf7 23. Kf2 Rd7 24. Nde3 Rxd2+ 25. Rxd2 Rd8 26. Rxd8 Ncxd8 27. h4 Ke8 28. Ke2 Kd7 29. Kd3 Nf4+ 30. Kc2 Nde6 31. b4 c6 32. Nd2 h5 33. Kb3 g5 34. hxg5 Nxg5 35. g3 Ne2 36. Nf5 Ng1 37. Nh4 Kc7 38. Kc4 Ne2 39. Nf5 Nc1 40. f4 Nf7 41. Nf3 exf4 42. gxf4 Ne2 43. e5 Nxf4 44. exf6 Nd5 45. Kd4 Nxf6 46. c4 Ne8 47. Kc5 Nfd6 48. Ng3 Ng7 49. Kd4 Ngf5+ 50. Nxf5 Nxf5+ 51. Ke4 Nd6+ 52. Kd4 Kd7 53. Kc5 Kc7 54. Kd4 Nf7 55. Kc5 Nd8 56. Kd4 Kd6 57. Nh4 c5+ 58. bxc5+ Kc6 59. Nf5 Ne6+ 60. Ke5 Nf8 61. Kf6 Kxc5 62. Kg5 Nd7 63. Kxh5 Ne5 0-1

[Event "RA Fall op"]
[Site "Ottawa CAN"]
[Date "2013.09.15"]
[Round "4"]
[White "Zhou, Qiyu"]
[Black "Gordon, David"]
[Result "1/2-1/2"]
[WhiteElo "2102"]
[BlackElo "2278"]
[PlyCount "116"]
[GameId "2160767909229469"]
[EventDate "2013.09.13"]
[EventType "swiss"]
[EventRounds "5"]
[EventCountry "CAN"]
[SourceTitle "EXT 2022"]
[Source "ChessBase"]
[SourceDate "2021.10.06"]
[SourceVersion "1"]
[SourceVersionDate "2021.10.06"]
[SourceQuality "1"]

1. e4 c5 2. Nf3 Nc6 3. d4 cxd4 4. Nxd4 Nf6 5. Nc3 e5 6. Ndb5 d6 7. Bg5 a6 8. Na3 b5 9. Nd5 Be7 10. Bxf6 Bxf6 11. c4 b4 12. Nc2 O-O 13. g3 a5 14. Bg2 Bg5 15. h4 Bh6 16. O-O Be6 17. b3 Rb8 18. Qd3 Qd7 19. Rad1 Rbd8 20. Qe2 Qa7 21. Rd3 Nb8 22. g4 f6 23. Rfd1 Na6 24. Nde3 Bxe3 25. Nxe3 Qb8 26. Qd2 Kf7 27. Rxd6 Ke7 28. Rxd8 Rxd8 29. Qxd8+ Qxd8 30. Rxd8 Kxd8 31. Kf1 Nc5 32. Ke2 a4 33. bxa4 Nxa4 34. Kd2 Kc7 35. Kc2 Nc5 36. f3 Kb6 37. Bf1 Ka5 38. Nd1 Ka4 39. Kb2 Bc8 40. Ne3 Ne6 41. Nf5 Bd7 42. Be2 Ka5 43. a3 g6 44. Ne3 Nd4 45. Bd1 Ba4 46. axb4+ Kxb4 47. Nd5+ Kxc4 48. Bxa4 Nxf3 49. Nxf6 h5 50. g5 Nxh4 51. Bd1 Kd3 52. Kb3 Kd2 53. Bxh5 gxh5 54. Nxh5 Ke3 55. Nf6 Kf4 56. Kc4 Kxg5 57. Nd7 Kf4 58. Kd5 Nf3 1/2-1/2

[Event "RA Fall op U1900"]
[Site "Ottawa CAN"]
[Date "2013.09.14"]
[Round "2"]
[White "Langer, Herb"]
[Black "Ivanenko, Tony"]
[Result "0-1"]
[WhiteElo "1723"]
[BlackElo "1855"]
[PlyCount "68"]
[GameId "2160767909229470"]
[EventDate "2013.09.13"]
[EventType "swiss"]
[EventRounds "5"]
[EventCountry "CAN"]

1. d4 d5 2. c4 c6 3. Nf3 Nf6 4. Nc3 dxc4 5. e3 b5 6. a4 Qb6 7. b3 b4 8. a5 Qb7 9. Na4 c3 10. Nc5 Qc7 11. Bc4 Nbd7 12. Nd3 e6 13. Ra4 Rb8 14. O-O Bd6 15. Qe2 O-O 16. e4 e5 17. dxe5 Nxe5 18. Nfxe5 Bxe5 19. h3 c5 20. Bg5 Bb7 21. Bxf6 Bxf6 22. e5 Rfe8 23. f4 Rbd8 24. Qh5 g6 25. Qg4 Bg7 26. Raa1 Bd5 27. Bxd5 Rxd5 28. Nf2 Red8 29. Ne4 Qd7 30. Qh4 Qb5 31. Nd6 Qd7 32. Qf2 f6 33. Nc4 fxe5 34. fxe5 Bxe5 0-1

[Event "RA November op"]
[Site "Ottawa CAN"]
[Date "2013.11.08"]
[Round "1"]
[White "Profit, Brian"]
[Black "Pacey, Kevin"]
[Result "1-0"]
[WhiteElo "2106"]
[BlackElo "2243"]
[PlyCount "73"]
[GameId "2160767909216637"]
[EventDate "2013.11.08"]
[EventType "swiss"]
[EventRounds "5"]
[EventCountry "CAN"]
[SourceTitle "EXT 2022"]
[Source "ChessBase"]
[SourceDate "2021.10.06"]
[SourceVersion "1"]
[SourceVersionDate "2021.10.06"]
[SourceQuality "1"]

1. d4 Nf6 2. Bg5 c5 3. Nc3 cxd4 4. Qxd4 Nc6 5. Qh4 e6 6. e4 d6 7. O-O-O Be7 8. f4 Bd7 9. Nf3 Qa5 10. Qe1 a6 11. Kb1 b5 12. e5 b4 13. exf6 gxf6 14. Ne4 fxg5 15. Nxd6+ Bxd6 16. Rxd6 b3 17. Qxa5 bxc2+ 18. Kxc2 Nxa5 19. Nxg5 Ke7 20. Rxa6 Rac8+ 21. Kb1 Nc4 22. Bxc4 Rxc4 23. Rd1 Rxf4 24. Ra7 Rd8 25. Nxh7 f6 26. Nf8 Kxf8 27. Raxd7 Rxd7 28. Rxd7 Rf2 29. a4 Rxg2 30. a5 Ke8 31. Rh7 Rg1+ 32. Ka2 Rg4 33. Kb3 Rg5 34. a6 Rb5+ 35. Kc3 Rc5+ 36. Kb4 Rc2 37. b3 1-0

[Event "RA November op"]
[Site "Ottawa CAN"]
[Date "2013.11.09"]
[Round "2"]
[White "Gelblum, Robert"]
[Black "Profit, Brian"]
[Result "1-0"]
[WhiteElo "2253"]
[BlackElo "2106"]
[PlyCount "49"]
[GameId "2160767909216638"]
[EventDate "2013.11.08"]
[EventType "swiss"]
[EventRounds "5"]
[EventCountry "CAN"]
[SourceTitle "EXT 2022"]
[Source "ChessBase"]
[SourceDate "2021.10.06"]
[SourceVersion "1"]
[SourceVersionDate "2021.10.06"]
[SourceQuality "1"]

1. e4 e6 2. d3 d5 3. Qe2 c5 4. Nf3 Nc6 5. g3 Nf6 6. Bg2 Be7 7. O-O O-O 8. e5 Nd7 9. c4 dxc4 10. dxc4 Nd4 11. Nxd4 cxd4 12. Nd2 Qb6 13. Nf3 Rd8 14. b3 f6 15. exf6 Bxf6 16. Bg5 Nf8 17. Bxf6 gxf6 18. Rad1 e5 19. Nh4 Ng6 20. Nxg6 hxg6 21. Kh1 Re8 22. f4 Kg7 23. fxe5 Rxe5 24. Qf2 Re3 25. c5 1-0

[Event "RA November op"]
[Site "Ottawa CAN"]
[Date "2013.11.09"]
[Round "2"]
[White "Pacey, Kevin"]
[Black "Sadeghi, Saeid"]
[Result "1-0"]
[WhiteElo "2243"]
[BlackElo "1989"]
[PlyCount "47"]
[GameId "2160767909216639"]
[EventDate "2013.11.08"]
[EventType "swiss"]
[EventRounds "5"]
[EventCountry "CAN"]
[SourceTitle "EXT 2022"]
[Source "ChessBase"]
[SourceDate "2021.10.06"]
[SourceVersion "1"]
[SourceVersionDate "2021.10.06"]
[SourceQuality "1"]

1. Nc3 d5 2. e4 c6 3. Qf3 e6 4. d4 dxe4 5. Nxe4 Qxd4 6. Bd3 Nf6 7. Ne2 Qd8 8. Bd2 Nbd7 9. Bc3 Nxe4 10. Bxe4 e5 11. Ng3 Qf6 12. Qxf6 gxf6 13. O-O-O Nc5 14. Kb1 Bg7 15. Bb4 Bf8 16. Bf5 Bxf5 17. Nxf5 Ne4 18. Rhe1 Nxf2 19. Nd6+ Bxd6 20. Rxd6 a5 21. Bc5 Ng4 22. h3 b6 23. Ba3 b5 24. Bc5 1-0

[Event "RA November op"]
[Site "Ottawa CAN"]
[Date "2013.11.09"]
[Round "3"]
[White "Gelblum, Robert"]
[Black "Zhou, Qiyu"]
[Result "1-0"]
[WhiteElo "2253"]
[BlackElo "2087"]
[PlyCount "143"]
[GameId "2160767909216640"]
[EventDate "2013.11.08"]
[EventType "swiss"]
[EventRounds "5"]
[EventCountry "CAN"]
[SourceTitle "EXT 2022"]
[Source "ChessBase"]
[SourceDate "2021.10.06"]
[SourceVersion "1"]
[SourceVersionDate "2021.10.06"]
[SourceQuality "1"]

1. e4 e5 2. Nf3 Nc6 3. Bb5 a6 4. Ba4 Nf6 5. d4 exd4 6. O-O Be7 7. e5 Nd5 8. Nxd4 Nxd4 9. Qxd4 Nb6 10. Bb3 O-O 11. Bf4 d5 12. exd6 Bxd6 13. Bxd6 Qxd6 14. Qxd6 cxd6 15. Nc3 Be6 16. Rad1 Rad8 17. Rfe1 d5 18. Rd4 Rd7 19. Na4 Nxa4 20. Bxa4 Rc7 21. Bb3 Rd7 22. Red1 Rfd8 23. f3 Kf8 24. a4 a5 25. Kf2 f6 26. c3 g6 27. Bc2 Ke7 28. Ra1 Rc8 29. Bd3 Kf7 30. Ra3 b6 31. Rb3 Rd6 32. Ke3 Bd7 33. h4 h5 34. Ra3 Bc6 35. Ra1 Re8+ 36. Kf2 Rd7 37. Rg1 g5 38. g4 Rh8 39. gxh5 Rxh5 40. hxg5 Rxg5 41. Rdg4 Rxg4 42. Rxg4 Rd8 43. Bf5 Bd7 44. Bxd7 Rxd7 45. Ke3 Ke6 46. Kd4 Rh7 47. b3 Rh2 48. c4 Rd2+ 49. Kc3 Rf2 50. cxd5+ Kxd5 51. Rd4+ Ke5 52. Re4+ Kf5 53. Re3 Kf4 54. Re6 Rxf3+ 55. Kc4 Kg3 56. Rxb6 f5 57. Rg6+ Kf2 58. Ra6 f4 59. Rxa5 Rh3 60. Rf5 f3 61. a5 Kg2 62. a6 f2 63. Rxf2+ Kxf2 64. b4 Ke3 65. a7 Rh8 66. b5 Ke4 67. b6 Rc8+ 68. Kb5 Kd5 69. b7 Rc5+ 70. Kb4 Rc4+ 71. Kb3 Kc6 72. b8=Q 1-0

[Event "RA November op"]
[Site "Ottawa CAN"]
[Date "2013.11.09"]
[Round "3"]
[White "Qin, Yuxuan"]
[Black "Palsson, Halldor"]
[Result "1/2-1/2"]
[WhiteElo "2065"]
[BlackElo "2016"]
[PlyCount "71"]
[GameId "2160767909216641"]
[EventDate "2013.11.08"]
[EventType "swiss"]
[EventRounds "5"]
[EventCountry "CAN"]
[SourceTitle "EXT 2022"]
[Source "ChessBase"]
[SourceDate "2021.10.06"]
[SourceVersion "1"]
[SourceVersionDate "2021.10.06"]
[SourceQuality "1"]

1. e4 e6 2. d4 d5 3. Nc3 Bb4 4. e5 c5 5. a3 Bxc3+ 6. bxc3 Ne7 7. f4 Nbc6 8. Nf3 Qa5 9. Bd2 Qa4 10. Be3 Nf5 11. Bf2 O-O 12. g4 Nfe7 13. g5 Nf5 14. Bd3 Bd7 15. h4 f6 16. Qd2 fxe5 17. fxe5 Nfxd4 18. Nxd4 cxd4 19. cxd4 Rxf2 20. Qxf2 Rf8 21. Bxh7+ Kxh7 22. Qxf8 Qxd4 23. Ke2 Qxe5+ 24. Kf2 Qd4+ 25. Kg2 Qg4+ 26. Kh2 Qe2+ 27. Kg3 e5 28. Qf3 Qxf3+ 29. Kxf3 Nd4+ 30. Kf2 Nxc2 31. Ra2 Nd4 32. h5 Bc6 33. Re1 e4 34. Ke3 Ne6 35. g6+ Kh6 36. Rf2 1/2-1/2

[Event "RA November op"]
[Site "Ottawa CAN"]
[Date "2013.11.09"]
[Round "3"]
[White "Wan, Kevin"]
[Black "Pacey, Kevin"]
[Result "1-0"]
[WhiteElo "2085"]
[BlackElo "2243"]
[PlyCount "75"]
[GameId "2160767909216642"]
[EventDate "2013.11.08"]
[EventType "swiss"]
[EventRounds "5"]
[EventCountry "CAN"]
[SourceTitle "EXT 2022"]
[Source "ChessBase"]
[SourceDate "2021.10.06"]
[SourceVersion "1"]
[SourceVersionDate "2021.10.06"]
[SourceQuality "1"]

1. e4 Nc6 2. d4 d5 3. e5 f6 4. f4 Nh6 5. Nf3 Bf5 6. c3 Qd7 7. Bd3 Be4 8. Qe2 f5 9. Be3 Nf7 10. Nbd2 e6 11. a3 Be7 12. c4 Bxd3 13. Qxd3 dxc4 14. Nxc4 g5 15. O-O-O g4 16. Ne1 b5 17. Nd2 Qd5 18. Nc2 Qxg2 19. Qxb5 Rd8 20. Nb1 O-O 21. Nc3 Rb8 22. Qa4 Rfd8 23. Rdg1 Qf3 24. Rf1 Qg2 25. Rhg1 Qxh2 26. Qxc6 Rb6 27. Qh1 Qxh1 28. Rxh1 Rb3 29. d5 exd5 30. Nd4 Bc5 31. Kc2 Rb6 32. Rh5 Rg6 33. Rxf5 Bb6 34. e6 Nd6 35. Rxd5 g3 36. f5 g2 37. Rg1 Rg3 38. Bf2 1-0

[Event "RA November op"]
[Site "Ottawa CAN"]
[Date "2013.11.16"]
[Round "3"]
[White "Barlow Wilkes, Curtis"]
[Black "Fei, David"]
[Result "0-1"]
[WhiteElo "1825"]
[BlackElo "1877"]
[PlyCount "148"]
[GameId "2160767909216643"]
[EventDate "2013.11.08"]
[EventType "swiss"]
[EventRounds "5"]
[EventCountry "CAN"]
[SourceTitle "EXT 2022"]
[Source "ChessBase"]
[SourceDate "2021.10.06"]
[SourceVersion "1"]
[SourceVersionDate "2021.10.06"]
[SourceQuality "1"]

1. e4 c6 2. d4 d5 3. exd5 cxd5 4. Bd3 Nc6 5. c3 Qc7 6. h3 Nf6 7. Nf3 e6 8. O-O Bd6 9. Nbd2 O-O 10. Re1 b6 11. Qe2 Nh5 12. Nf1 Nf4 13. Bxf4 Bxf4 14. Ne5 Nxe5 15. dxe5 Bb7 16. Nh2 Qe7 17. Nf3 Rfd8 18. Nd4 a6 19. g3 Bh6 20. f4 g6 21. Qf2 Qc7 22. Re2 Bf8 23. g4 Bc5 24. Rf1 Re8 25. Qg3 b5 26. h4 Qb6 27. Qe3 b4 28. f5 a5 29. h5 exf5 30. gxf5 g5 31. Qxg5+ Kh8 32. Qf4 Rg8+ 33. Kh2 Ba6 34. Bxa6 Qxa6 35. Ree1 bxc3 36. bxc3 Qc4 37. e6 f6 38. Rg1 Qxc3 39. e7 Bd6 40. Qxd6 Qxd4 41. Rg3 Qf2+ 42. Kh3 Rxg3+ 43. Qxg3 Qxf5+ 44. Qg4 Qd3+ 45. Kh4 Re8 46. Rg1 Qe4 47. Kh3 Qxg4+ 48. Kxg4 Kg7 49. Kf5+ Kf7 50. h6 Rxe7 51. Rg7+ Kf8 52. Rg4 Re5+ 53. Kxf6 Rh5 54. Ke6 Rxh6+ 55. Kxd5 Rh2 56. Ra4 Kf7 57. Kc5 Rf2 58. Kb6 Rf5 59. Rg4 h5 60. Rc4 Kg6 61. a4 Kg5 62. Rc8 h4 63. Rc3 Kg4 64. Rd3 h3 65. Rd2 Kg3 66. Rd3+ Kg2 67. Rd8 Rh5 68. Rd2+ Kf3 69. Rd3+ Ke4 70. Rxh3 Rxh3 71. Kxa5 Rb3 72. Ka6 Kd5 73. a5 Kc6 74. Ka7 Kb5 0-1

[Event "RA November op"]
[Site "Ottawa CAN"]
[Date "2013.11.10"]
[Round "4"]
[White "Djerkovic, Miladin"]
[Black "Gelblum, Robert"]
[Result "1/2-1/2"]
[WhiteElo "2244"]
[BlackElo "2253"]
[PlyCount "99"]
[GameId "2160767909216644"]
[EventDate "2013.11.08"]
[EventType "swiss"]
[EventRounds "5"]
[EventCountry "CAN"]
[SourceTitle "EXT 2022"]
[Source "ChessBase"]
[SourceDate "2021.10.06"]
[SourceVersion "1"]
[SourceVersionDate "2021.10.06"]
[SourceQuality "1"]

1. e4 c5 2. Nf3 Nc6 3. Nc3 d6 4. d4 cxd4 5. Nxd4 Nf6 6. Be3 e6 7. Bc4 Be7 8. Bb3 a6 9. Qe2 Qc7 10. O-O-O O-O 11. g4 Na5 12. g5 Nxb3+ 13. axb3 Nd7 14. Rhg1 b5 15. Qh5 Bb7 16. f4 g6 17. Qh3 b4 18. Nd5 exd5 19. Nf5 gxf5 20. Bd4 Rfc8 21. Rd2 Ne5 22. exf5 Ng6 23. fxg6 fxg6 24. Qe6+ Kf8 25. f5 Bxg5 26. Rxg5 Qe7 27. Bg7+ Ke8 28. Qxe7+ Kxe7 29. fxg6 hxg6 30. Rxg6 Rg8 31. Bf6+ Kf7 32. Rxg8 Rxg8 33. Bd4 Rg4 34. Kd1 Bc8 35. Ke2 Bf5 36. Kf3 Rh4 37. Kg3 Rg4+ 38. Kf3 Rh4 39. Bb6 Ke6 40. Bd8 Rh3+ 41. Kg2 Rh8 42. Ba5 Rh4 43. Re2+ Kd7 44. Kg3 Rg4+ 45. Kf3 Rh4 46. Rf2 Ke6 47. Kg3 Rg4+ 48. Kf3 Rh4 49. Bd8 Rh8 50. Ba5 1/2-1/2

[Event "RA November op"]
[Site "Ottawa CAN"]
[Date "2013.11.10"]
[Round "4"]
[White "Pacey, Kevin"]
[Black "Forget, David"]
[Result "1-0"]
[WhiteElo "2243"]
[BlackElo "1885"]
[PlyCount "35"]
[GameId "2160767909216645"]
[EventDate "2013.11.08"]
[EventType "swiss"]
[EventRounds "5"]
[EventCountry "CAN"]
[SourceTitle "EXT 2022"]
[Source "ChessBase"]
[SourceDate "2021.10.06"]
[SourceVersion "1"]
[SourceVersionDate "2021.10.06"]
[SourceQuality "1"]

1. e4 e6 2. d4 d5 3. Nc3 Bb4 4. a3 Bxc3+ 5. bxc3 Ne7 6. Bd3 dxe4 7. Bxe4 c5 8. Nf3 Nbc6 9. O-O O-O 10. Bxh7+ Kxh7 11. Ng5+ Kg8 12. Qh5 Re8 13. Qh7+ Kf8 14. Qh8+ Ng8 15. Nh7+ Ke7 16. Qxg7 Kd7 17. Bg5 Nce7 18. dxc5 1-0

[Event "RA November op"]
[Site "Ottawa CAN"]
[Date "2013.11.10"]
[Round "4"]
[White "Palsson, Halldor"]
[Black "Desjardins, Michel"]
[Result "1-0"]
[WhiteElo "2016"]
[BlackElo "1976"]
[PlyCount "31"]
[GameId "2160767909216646"]
[EventDate "2013.11.08"]
[EventType "swiss"]
[EventRounds "5"]
[EventCountry "CAN"]
[SourceTitle "EXT 2022"]
[Source "ChessBase"]
[SourceDate "2021.10.06"]
[SourceVersion "1"]
[SourceVersionDate "2021.10.06"]
[SourceQuality "1"]

1. d4 d5 2. c4 dxc4 3. e3 Nf6 4. Bxc4 e6 5. Nf3 c5 6. O-O a6 7. a4 b6 8. Qe2 Bb7 9. Rd1 Nbd7 10. Nc3 Qc7 11. e4 cxd4 12. Nxd4 Bd6 13. Bxe6 Bxh2+ 14. Kh1 O-O 15. Bxd7 Nxd7 16. Nf3 1-0